<?xml version="1.0" encoding="UTF-8"?>
<record
    xmlns:xsi="http://www.w3.org/2001/XMLSchema-instance"
    xsi:schemaLocation="http://www.loc.gov/MARC21/slim http://www.loc.gov/standards/marcxml/schema/MARC21slim.xsd"
    xmlns="http://www.loc.gov/MARC21/slim">

  <leader>03257nam a2200445 i 4500</leader>
  <controlfield tag="001">000045045</controlfield>
  <controlfield tag="003">DO-SdBNP</controlfield>
  <controlfield tag="005">20231206090008.0</controlfield>
  <controlfield tag="007">ta</controlfield>
  <controlfield tag="008">150130s2007    cu a          000 j spa d</controlfield>
  <datafield tag="020" ind1=" " ind2=" ">
    <subfield code="a">9789592097681</subfield>
  </datafield>
  <datafield tag="040" ind1=" " ind2=" ">
    <subfield code="a">DO-SdBNP</subfield>
    <subfield code="b">spa</subfield>
    <subfield code="c">BNPHU</subfield>
    <subfield code="e">rda</subfield>
  </datafield>
  <datafield tag="082" ind1=" " ind2="4">
    <subfield code="2">22</subfield>
  </datafield>
  <datafield tag="245" ind1="0" ind2="0">
    <subfield code="a">Antolog&#xED;a de cuentos infantiles :</subfield>
    <subfield code="b">Cuba-Rep&#xFA;blica Dominicana. /</subfield>
    <subfield code="c">edici&#xF3;n, Thelma Jim&#xE9;nez Santos ; ilustraciones, Alexis Lago... [et.al].</subfield>
  </datafield>
  <datafield tag="264" ind1=" " ind2=" ">
    <subfield code="a">Santo Domingo :</subfield>
    <subfield code="b">Uni&#xF3;n,</subfield>
    <subfield code="c">2007.</subfield>
  </datafield>
  <datafield tag="300" ind1=" " ind2=" ">
    <subfield code="a">159 p&#xE1;ginas :</subfield>
    <subfield code="b">ilustraciones ;</subfield>
    <subfield code="c">23 cm.</subfield>
  </datafield>
  <datafield tag="336" ind1=" " ind2=" ">
    <subfield code="2">rdacontent</subfield>
    <subfield code="a">texto</subfield>
    <subfield code="b">txt</subfield>
  </datafield>
  <datafield tag="337" ind1=" " ind2=" ">
    <subfield code="2">rdamedia</subfield>
    <subfield code="a">sin mediaci&#xF3;n</subfield>
    <subfield code="b">n</subfield>
  </datafield>
  <datafield tag="338" ind1=" " ind2=" ">
    <subfield code="2">rdacarrier</subfield>
    <subfield code="a">volumen</subfield>
    <subfield code="b">nc</subfield>
  </datafield>
  <datafield tag="490" ind1="1" ind2=" ">
    <subfield code="a">DienteLeche</subfield>
  </datafield>
  <datafield tag="500" ind1=" " ind2=" ">
    <subfield code="a">Incluye datos biograf&#xED;cos de los autores y de los ilustradores</subfield>
  </datafield>
  <datafield tag="505" ind1="0" ind2=" ">
    <subfield code="a">Monstruosi--</subfield>
    <subfield code="g">Enrique P&#xE9;rez D&#xED;az--</subfield>
    <subfield code="t">El sue&#xF1;o de Pen&#xE9;lope--</subfield>
    <subfield code="g">Eleanor Grimaldi sili&#xE9;--</subfield>
    <subfield code="t">Un lugar posible--</subfield>
    <subfield code="g">Olga Marta P&#xE9;rez--</subfield>
    <subfield code="t">El d&#xED;a en que dos ciudades contrarias descubrieron que eran hermanas--</subfield>
    <subfield code="g">Margarita Luciano-</subfield>
    <subfield code="t">&#xA1;Oigo! &#xBF;habla migue?--</subfield>
    <subfield code="g">Enid Vian--</subfield>
    <subfield code="t">El ramageo--</subfield>
    <subfield code="g">Brunilda Contreras--</subfield>
    <subfield code="t">Foto de familia--</subfield>
    <subfield code="g">Omar Felipe Mauri--</subfield>
    <subfield code="t">Timo, el dinosaurio--</subfield>
    <subfield code="g">A&#xED;da Bonnelly de D&#xED;az--</subfield>
    <subfield code="t">El cuento de Pomponio pepino--</subfield>
    <subfield code="g">Julia Calzadilla Nu&#xF1;ez--</subfield>
    <subfield code="t">Historia de ni&#xF1;a Flor--</subfield>
    <subfield code="g">Marcio Veloz Maggiolo</subfield>
    <subfield code="t">Un animal musical--</subfield>
    <subfield code="g">Ivette Vian Altarriba--</subfield>
    <subfield code="t">Vuelo de amigos--</subfield>
    <subfield code="g">A&#xED;da Bonnelly de D&#xED;az--</subfield>
    <subfield code="t">Carmelo, el bombero--</subfield>
    <subfield code="g">Luc&#xED;a Amelia Cabral--</subfield>
    <subfield code="t">La perdida por la ganada o el cambio del ni&#xF1;o por la vaca--</subfield>
    <subfield code="g">Albertico Y&#xE1;nez--</subfield>
    <subfield code="t">Ofidia una culebra feliz--</subfield>
    <subfield code="g">Lorelay Carr&#xF3;n--</subfield>
    <subfield code="t">Bili va de paseo--</subfield>
    <subfield code="g">Magaly S&#xE1;nchez--</subfield>
    <subfield code="t">La aventura de Juan Javier--</subfield>
    <subfield code="g">Eleanor Grimaldi--</subfield>
    <subfield code="t">El rey rat&#xF3;n--</subfield>
    <subfield code="g">Teresa C&#xE1;rdenas--</subfield>
    <subfield code="t">Bajo el resplandor de la luna--</subfield>
    <subfield code="g">Lorelay Carr&#xF3;n--</subfield>
    <subfield code="t">El viaje de Mico--</subfield>
    <subfield code="g">Esther Su&#xE1;rez Dur&#xE1;n--</subfield>
    <subfield code="t">Sue&#xF1;o en una noche de verano--</subfield>
    <subfield code="g">Nelson Sim&#xF3;n--</subfield>
    <subfield code="t">Historia del c&#xED;clope rat&#xF3;n y su amigo el buf&#xF3;n--</subfield>
    <subfield code="g">Leibi NG--</subfield>
    <subfield code="t">La ciguapita--</subfield>
    <subfield code="g">Aidita Selman--</subfield>
    <subfield code="t">Bernardino--</subfield>
    <subfield code="g">Felipe J. Oliva Alicea--</subfield>
    <subfield code="t">Pez bobo y Quijot&#xED;n en busca de la ciudad perdida--</subfield>
    <subfield code="g">C&#xE9;sar S&#xE1;nchez Beras--</subfield>
    <subfield code="t">El &#xFA;ltimo diente de leche--</subfield>
    <subfield code="g">Jos&#xE9; M. Espino--</subfield>
    <subfield code="t">La luc&#xED;gola--</subfield>
    <subfield code="g">Reynaldo Disla--</subfield>
    <subfield code="t">La familia del se&#xF1;or y la se&#xF1;ora Lechuza--</subfield>
    <subfield code="g">Celima Bernal Garc&#xED;a--</subfield>
    <subfield code="t">El capit&#xE1;n de las arenas--</subfield>
    <subfield code="g">Luis Carlos Su&#xE1;rez--</subfield>
    <subfield code="t">Hojas y plumas--</subfield>
    <subfield code="g">Luis Mart&#xED;n G&#xF3;mez--</subfield>
    <subfield code="t">Ogrito Feliz--</subfield>
    <subfield code="g">Karina Ubi&#xF1;as.</subfield>
  </datafield>
  <datafield tag="590" ind1=" " ind2=" ">
    <subfield code="a">Inventariado, 2023/BT</subfield>
  </datafield>
  <datafield tag="700" ind1="1" ind2=" ">
    <subfield code="a">Jim&#xE9;nez Santos, Thelma,</subfield>
    <subfield code="e">edici&#xF3;n</subfield>
    <subfield code="9">73041</subfield>
  </datafield>
  <datafield tag="700" ind1="1" ind2=" ">
    <subfield code="a">Lago, Alexis,</subfield>
    <subfield code="e">ilustraciones</subfield>
    <subfield code="9">73042</subfield>
  </datafield>
  <datafield tag="700" ind1="1" ind2=" ">
    <subfield code="a">Gonz&#xE1;lez Gim&#xE9;nez, Miriam,</subfield>
    <subfield code="e">ilustraciones</subfield>
    <subfield code="9">73043</subfield>
  </datafield>
  <datafield tag="700" ind1="1" ind2=" ">
    <subfield code="a">Bestard Cruz, Luis,</subfield>
    <subfield code="e">ilustraciones</subfield>
    <subfield code="9">73044</subfield>
  </datafield>
  <datafield tag="700" ind1="1" ind2=" ">
    <subfield code="a">Iglesias Segrera, Rub&#xE9;n A.,</subfield>
    <subfield code="e">ilustraciones</subfield>
    <subfield code="9">73045</subfield>
  </datafield>
  <datafield tag="700" ind1="1" ind2=" ">
    <subfield code="a">Duarte, Elio,</subfield>
    <subfield code="e">ilustraciones</subfield>
    <subfield code="9">73046</subfield>
  </datafield>
  <datafield tag="700" ind1="1" ind2=" ">
    <subfield code="a">Sarmiento, Eduardo,</subfield>
    <subfield code="e">ilustraciones</subfield>
    <subfield code="9">73047</subfield>
  </datafield>
  <datafield tag="700" ind1="1" ind2=" ">
    <subfield code="a">Fern&#xE1;ndez P&#xE9;rez, Nidia,</subfield>
    <subfield code="e">il.}ustraciones</subfield>
    <subfield code="9">73048</subfield>
  </datafield>
  <datafield tag="700" ind1="1" ind2=" ">
    <subfield code="a">Miari Guti&#xE9;rrez, Maritza,</subfield>
    <subfield code="e">ilustraciones</subfield>
    <subfield code="9">73049</subfield>
  </datafield>
  <datafield tag="700" ind1="1" ind2=" ">
    <subfield code="a">Somonte, Alein,</subfield>
    <subfield code="e">ilustraciones</subfield>
    <subfield code="9">73050</subfield>
  </datafield>
  <datafield tag="700" ind1="1" ind2=" ">
    <subfield code="a">Ponce S&#xE1;nchez, Nelson,</subfield>
    <subfield code="e">ilustraciones</subfield>
    <subfield code="9">73051</subfield>
  </datafield>
  <datafield tag="700" ind1="1" ind2=" ">
    <subfield code="a">Sarmiento, Eduardo,</subfield>
    <subfield code="e">ilustraciones</subfield>
    <subfield code="9">73047</subfield>
  </datafield>
  <datafield tag="700" ind1="1" ind2=" ">
    <subfield code="a">Salgado Hurtado, Rosa,</subfield>
    <subfield code="e">ilustraciones</subfield>
    <subfield code="9">73052</subfield>
  </datafield>
  <datafield tag="700" ind1="1" ind2=" ">
    <subfield code="a">Acosta, Jos&#xE9; Antonio,</subfield>
    <subfield code="e">ilustraciones</subfield>
    <subfield code="9">36192</subfield>
  </datafield>
  <datafield tag="910" ind1=" " ind2=" ">
    <subfield code="a">Btav&#xE1;rez</subfield>
  </datafield>
  <datafield tag="942" ind1=" " ind2=" ">
    <subfield code="2">ddc</subfield>
    <subfield code="c">LBS1</subfield>
  </datafield>
  <datafield tag="952" ind1=" " ind2=" ">
    <subfield code="0">0</subfield>
    <subfield code="1">0</subfield>
    <subfield code="2">ddc</subfield>
    <subfield code="5">1</subfield>
    <subfield code="7">0</subfield>
    <subfield code="8">PD</subfield>
    <subfield code="a">BNPHU</subfield>
    <subfield code="b">BNPHU</subfield>
    <subfield code="c">CT</subfield>
    <subfield code="d">2015-01-30</subfield>
    <subfield code="o"> BNPHU PD </subfield>
    <subfield code="p">45045-10</subfield>
    <subfield code="r">2020-06-25</subfield>
    <subfield code="w">2020-06-25</subfield>
    <subfield code="y">LBS1</subfield>
  </datafield>
  <datafield tag="952" ind1=" " ind2=" ">
    <subfield code="0">0</subfield>
    <subfield code="1">0</subfield>
    <subfield code="2">ddc</subfield>
    <subfield code="5">1</subfield>
    <subfield code="7">0</subfield>
    <subfield code="8">PD</subfield>
    <subfield code="a">BNPHU</subfield>
    <subfield code="b">BNPHU</subfield>
    <subfield code="c">CT</subfield>
    <subfield code="d">2015-01-30</subfield>
    <subfield code="o"> BNPHU PD </subfield>
    <subfield code="p">45045-20</subfield>
    <subfield code="r">2020-06-25</subfield>
    <subfield code="t">e. 2</subfield>
    <subfield code="w">2020-06-25</subfield>
    <subfield code="y">LBS1</subfield>
  </datafield>
  <datafield tag="952" ind1=" " ind2=" ">
    <subfield code="0">0</subfield>
    <subfield code="1">0</subfield>
    <subfield code="2">ddc</subfield>
    <subfield code="5">6</subfield>
    <subfield code="7">0</subfield>
    <subfield code="8">DS</subfield>
    <subfield code="a">BNPHU</subfield>
    <subfield code="b">BNPHU</subfield>
    <subfield code="c">CT</subfield>
    <subfield code="d">2022-04-28</subfield>
    <subfield code="e">Donaci&#xF3;n</subfield>
    <subfield code="l">0</subfield>
    <subfield code="o">BNPHU DS </subfield>
    <subfield code="p">2022-1625</subfield>
    <subfield code="r">2022-04-28</subfield>
    <subfield code="t">e.3</subfield>
    <subfield code="w">2022-04-28</subfield>
    <subfield code="y">LBS1</subfield>
  </datafield>
  <datafield tag="952" ind1=" " ind2=" ">
    <subfield code="0">0</subfield>
    <subfield code="1">0</subfield>
    <subfield code="2">ddc</subfield>
    <subfield code="5">6</subfield>
    <subfield code="7">0</subfield>
    <subfield code="8">DS</subfield>
    <subfield code="a">BNPHU</subfield>
    <subfield code="b">BNPHU</subfield>
    <subfield code="c">CT</subfield>
    <subfield code="d">2023-12-06</subfield>
    <subfield code="e">Donaci&#xF3;n</subfield>
    <subfield code="l">0</subfield>
    <subfield code="o">BNPHU DS </subfield>
    <subfield code="p">2023-8266</subfield>
    <subfield code="r">2023-12-06</subfield>
    <subfield code="t">e.4</subfield>
    <subfield code="w">2023-12-06</subfield>
    <subfield code="y">LBS1</subfield>
    <subfield code="z">Perteneci&#xF3; a la biblioteca personal de B&#xE1;rbara Suncar.</subfield>
  </datafield>
  <datafield tag="952" ind1=" " ind2=" ">
    <subfield code="0">0</subfield>
    <subfield code="1">0</subfield>
    <subfield code="2">ddc</subfield>
    <subfield code="5">6</subfield>
    <subfield code="7">0</subfield>
    <subfield code="8">DS</subfield>
    <subfield code="a">BNPHU</subfield>
    <subfield code="b">BNPHU</subfield>
    <subfield code="c">CT</subfield>
    <subfield code="d">2023-12-06</subfield>
    <subfield code="e">Donaci&#xF3;n</subfield>
    <subfield code="l">0</subfield>
    <subfield code="o">BNPHU DS </subfield>
    <subfield code="p">2023-8267</subfield>
    <subfield code="r">2023-12-06</subfield>
    <subfield code="t">e.5</subfield>
    <subfield code="w">2023-12-06</subfield>
    <subfield code="y">LBS1</subfield>
    <subfield code="z">Perteneci&#xF3; a la biblioteca personal de B&#xE1;rbara Suncar.</subfield>
  </datafield>
  <datafield tag="999" ind1=" " ind2=" ">
    <subfield code="c">44534</subfield>
    <subfield code="d">44534</subfield>
  </datafield>
</record>
